Fotbalové kluby Prahy 24/25 - Statistics

General Stats
  • This quiz has been taken 63 times
  • The average score is 11 of 26
Answer Stats
Liga Klub % Correct
Chance liga SK Slavia Praha
100%
Chance liga AC Sparta Praha
98%
Chance liga Bohemians 1905
96%
Pražský přebor FK Dukla Jižní Město
96%
Chance liga FK Dukla Praha
96%
Chance NL FK Viktoria Žižkov
84%
Pražský přebor FC Slavoj Vyšehrad
57%
3. ČFL A Admira Praha
53%
3. ČFL A Loko Praha
51%
3. ČFL A Motorlet Praha
49%
4. liga A (divize) SK Aritma Praha
37%
4. liga B (divize) Tempo Praha
35%
4. liga B (divize) Meteor Praha
33%
Pražský přebor SK Střešovice 1911
29%
Pražský přebor FC Zličín
27%
4. liga B (divize) Přední Kopanina
27%
Pražský přebor Tj Spoje Praha
22%
Pražský přebor SK Čechie Uhříněves
18%
Pražský přebor SK Třeboradice
18%
Pražský přebor Sokol Kolovraty
18%
4. liga B (divize) Újezd Praha
18%
Pražský přebor ČAFC Praha
16%
Pražský přebor Spartak Kbely
14%
Pražský přebor FK Čechie Dubeč
12%
Pražský přebor SK Slovan Kunratice
12%
3. ČFL A Povltavská FA
8%
No matching quizzes found
Score Distribution
Percent of People with Each Score
Percentile by Number Answered
Your Score History
You have not taken this quiz